Periodismo especializado /

Uloženo v:
Podrobná bibliografie
Hlavní autor: Fernández del Moral, Javier (coordinación)
Médium: Kniha
Jazyk:španělština
Vydáno: Barcelona, España : Ariel, 2004, c2004
Edice:(Ariel Comunicación)
Témata:
Tagy: Přidat tag
Žádné tagy, Buďte první, kdo vytvoří štítek k tomuto záznamu!

MARC

LEADER 00000nam^a2200000^a^4500
001 000303150
005 20250521000000.0
008 100830 20042004
009 20260310112640.301
020 |a 84-344-1302-7 
037 |a Acervo ITESO - Biblioteca 
041 |a ESP 
082 |a 302. 23102  |b FER 
100 |a Fernández del Moral, Javier  |e (coordinación) 
245 1 0 |a Periodismo especializado /  |c Coord. de J. Fernández del Moral. 
264 4 |a Barcelona, España :  |b Ariel,  |c 2004, c2004 
300 |a 498 p. 
336 |a texto  |b txt  |2 rdacontenido 
337 |a sin mediación  |b n  |2 rdamedio 
338 |a volumen  |b nc  |2 rdasoporte 
440 1 |a (Ariel Comunicación) 
521 |a 2012 BO Licenciatura en Periodismo y Comunicación Pública 
649 |a XX 
650 |a Conocimiento -  |x Administración 
650 |a Fuentes de Información 
650 |a Periodismo Especializado -  |x Tema Principal 
650 |a Géneros Periodísticos 
650 |a Periodismo -  |x Tema Principal 
650 |a Medios Impresos 
650 |a Medios de Comunicación 
650 |a Comunicación Masiva 
910 |a Fondo General 
920 |a Impresos - Libros 
930 |a Colección General 
905 |a 101 
901 |a 0500189669  |b IT1  |c ACC  |i C121344  |u 20250521 
902 |a https://opac.biblio.iteso.mx/vufind/Record/000303150